Ben 10 Omniverse Alien Debuts - Sudden Death - Statistics

General Stats
  • This quiz has been taken 103 times
  • The average score is 8 of 16
Answers on the Grid
Answers color-coded by a green-red scale on the quiz's grid according to % correct below.
Feedback
Bloxx
Gravattack
Crasshhopper
Ball Weevil
Walkatrout
Molestache
Pesky Dust
The Worst
Kickin'Hawk
Toepick
Astrodactyl
Bullfrag
Atomix
Whampire
Gutrot
XLR8
Four Arms
Wildvine
Blitzwolfer
Upchuck
Ghostfreak
Frankenstrike
Eye Guy
Arctiguana
Buzzshock
Spitter
Rath
Lodestar
Goop
Ditto
Nanomech
Fasttrack
Clockwork
Chamalien
Shocksquatch
Juryrigg
Eatle
Ampfibian
Wildmutt
 
Answer Stats
Answer % Correct
Bloxx
57%
Kickin'Hawk
55%
Astrodactyl
51%
Feedback
51%
Walkatrout
51%
Atomix
49%
Ball Weevil
47%
Bullfrag
47%
Crasshhopper
47%
Toepick
47%
Gutrot
45%
Molestache
45%
The Worst
45%
Whampire
45%
Gravattack
42%
Pesky Dust
40%
No matching quizzes found
Score Distribution
Percent of People with Each Score
Percentile by Number Answered
Your Score History
You have not taken this quiz